Población, estructura productiva y migraciones internas en Honduras (1950-1960) /
Uloženo v:
| Hlavní autor: | |
|---|---|
| Médium: | Text |
| Jazyk: | Spanish |
| Témata: | |
| Tagy: |
Přidat tag
Žádné tagy, Buďte první, kdo vytvoří štítek k tomuto záznamu!
|
MARC
| LEADER | 00000 a a2200000 04500 | ||
|---|---|---|---|
| 001 | 7999 | ||
| 003 | cru CRAI/IIS | ||
| 005 | 20210429130946.0 | ||
| 008 | 210429b ||||| |||| 00| 0 spa d | ||
| 040 | |c cru CRAI/IIS | ||
| 100 | 1 | |a Molina Chocano, Guillermo | |
| 245 | 1 | |a Población, estructura productiva y migraciones internas en Honduras (1950-1960) / |c Guillermo Molina Chocano | |
| 500 | |a Colección Centroamérica | ||
| 650 | 4 | |9 2602 |a POBLACION | |
| 650 | 0 | |9 5879 |a MIGRACION INTERNA | |
| 650 | 0 | |9 95 |a EXPORTACIONES | |
| 650 | 0 | |9 2215 |a ESTRUCTURA AGRARIA | |
| 650 | 0 | |9 1439 |a ANALISIS DEMOGRAFICO | |
| 651 | 4 | |9 2652 |a HONDURAS | |
| 773 | |g número 12; páginas 9-39 | ||
| 773 | 0 | |0 18875 |9 5488 |a Universidad de Costa Rica. |d San José, Costa Rica: Universidad de Costa Rica. Consejo Superior Universitario Centroamericano, 1972- |o 13774 |t Estudios Sociales Centroamericanos / |x 03039676 | |
| 942 | |2 ddc |c PP | ||
| 999 | |c 34306 |d 34306 | ||
